书目信息 |
| 题名: |
有向几何学
|
|
| 作者: | 喻德生 著 | |
| 分册: | ||
| 出版信息: | 北京 科学出版社 2017 |
|
| 页数: | 312页 | |
| 开本: | 24cm | |
| 丛书名: | 南昌航空大学科学文库 | |
| 单 册: | ||
| 中图分类: | O157.5 | |
| 科图分类: | ||
| 主题词: | 有向图--you xiang tu | |
| 电子资源: | ||
| ISBN: | 978-7-03-054076-8 | |
| 000 | 01079nam 2200289 45 | |
| 001 | 012001000502 | |
| 005 | 20131106104741.0 | |
| 010 | @a978-7-03-054076-8@b上@dCNY128.00 | |
| 099 | @aCAL 012017145859 | |
| 100 | @a20170922d2017 em y0chiy50 ea | |
| 101 | 0 | @achi |
| 102 | @aCN@b110000 | |
| 105 | @aa a 001yy | |
| 106 | @ar | |
| 200 | 1 | @a有向几何学@Ayou xiang ji he xue@e有向面积及其应用@f喻德生著 |
| 210 | @a北京@c科学出版社@d2017 | |
| 215 | @a312页@c图@d24cm | |
| 225 | 2 | @a南昌航空大学科学文库@Anan chang hang kong da xue ke xue wen ku |
| 320 | @a有书目和索引 | |
| 330 | @a本书共九章, 主要内容包括多边形有向面积公式、多边形有向面积公式的应用、定比分点多边形有向面积公式与应用、定比分点线三角形有向面积的定值定理与应用、平行多边形分点线三角形有向面积的定值定理与应用等。 | |
| 410 | 0 | @12001 @a南昌航空大学科学文库 |
| 517 | 1 | @a有向面积及其应用@Ayou xiang mian ji ji qi ying yong |
| 606 | 0 | @a有向图@Ayou xiang tu |
| 690 | @aO157.5@v5 | |
| 701 | 0 | @a喻德生@Ayu de sheng@4著 |
| 801 | 0 | @aCN@b北京卓展文化@c20191020 |
| 905 | @b1196258-60@dO157.5@e129@f3 | |
| 有向几何学:有向面积及其应用/喻德生著.-北京:科学出版社,2017 |
| 312页:图;24cm.-(南昌航空大学科学文库) |
| ISBN 978-7-03-054076-8(上):CNY128.00 |
| 本书共九章, 主要内容包括多边形有向面积公式、多边形有向面积公式的应用、定比分点多边形有向面积公式与应用、定比分点线三角形有向面积的定值定理与应用、平行多边形分点线三角形有向面积的定值定理与应用等。 |
| ● |
| 相关链接 |
|
|
|
|
正题名:有向几何学
索取号:O157.5/129
 
预约/预借
| 序号 | 登录号 | 条形码 | 馆藏地/架位号 | 状态 | 备注 |
| 1 | 1196258 | 211962580 | 第二样本阅览室/ [索取号:O157.5/129] | 在馆 | |
| 2 | 1196259 | 211962599 | 第三借阅区/ [索取号:O157.5/129] | 在馆 | |
| 3 | 1196260 | 211962606 | 第三借阅区/ [索取号:O157.5/129] | 在馆 |